| 000 | 00808nam a22002297a 4500 | ||
|---|---|---|---|
| 999 |
_c11845 _d11845 |
||
| 003 | AR-CdUCM | ||
| 008 | 190405b ||||| |||| 00| 0 spa d | ||
| 040 |
_aMUNICIPALIDAD PROVINCIAL DEL CUSCO _cBIBLIOTECA MUNICIPAL DEL CUSCO |
||
| 082 |
_a301.153 / _bG46 /1924 |
||
| 100 |
_aGide, Carlos _929410 |
||
| 245 | _aEconomía social las instituciones de progreso social / | ||
| 260 |
_aParís : _bLibr. de la Vda, Ch. Bouret, _c1924. |
||
| 300 |
_a652 páginas ; _c17 cm. |
||
| 500 | _aTraducida a la 4a ed. francesa. | ||
| 505 | _aContenido : Salarios -- Conforte -- Seguridad -- Independencia ... | ||
| 650 |
_aProblemas sociales _92254 |
||
| 650 |
_aProgreso _96687 |
||
| 650 |
_aInstituciones _98481 |
||
| 700 |
_aMartínez Sobral, Enrique _929411 |
||
| 942 |
_2ddc _cLIBROS |
||
| 945 |
_arah _d05/04/2019 |
||